Dustin Hoffman Movies Quiz Stats

 Plays Quiz Updated Jan 1, 2021

Support Sporcle.
Go Orange.
Score 0/55 Timer 10:00
2 Plays Today
Year Movie % Correct
1988Rain Man
84.4%
1991Hook
83.5%
2004Meet the Fockers
82.9%
1967The Graduate
79.4%
1979Kramer vs. Kramer
72%
1982Tootsie
70.7%
1969Midnight Cowboy
53.9%
1976All the President's Men
47.5%
2008Kung Fu Panda
43.4%
1990Dick Tracy
40.2%
2007Mr. Magorium's Wonder Emporium
38.9%
1995Outbreak
36.1%
1974Lenny
35.7%
2010Little Fockers
34.8%
1976Marathon Man
32.9%
1997Wag the Dog
32.8%
2008Last Chance Harvey
28.5%
2016Kung Fu Panda 3
27.2%
1970Little Big Man
25.3%
2011Kung Fu Panda 2
24.4%
2006Stranger Than Fiction
24%
1973Papillon
21.8%
2017The Meyerowitz Stories (New and Selected)
20.1%
2003Runaway Jury
18.7%
1971Straw Dogs
18.4%
2004I Heart Huckabees
17.6%
1987Ishtar
17.3%
1992Hero
17%
Year Movie % Correct
1996Sleepers
16.9%
2014Chef
16.8%
1998Sphere
16%
2014The Cobbler
15.5%
1991Billy Bathgate
14.9%
1989Family Business
13%
2004Finding Neverland
12.8%
2014Boychoir
12.6%
2006Perfume: The Story of a Murderer
12.1%
2015The Program
11.2%
2003Confidence
10%
1997Mad City
10%
1969John and Mary
9%
1978Straight Time
8.8%
1999The Messenger: The Story of Joan of Arc
8.5%
2002Moonlight Mile
8.4%
1996American Buffalo
8%
1972Alfredo, Alfredo
7.7%
2005Racing Stripes
7.7%
1979Agatha
7.7%
2008The Tale of Despereaux
7.5%
2019Into the Labyrinth
6.5%
2010Barney's Version
6.4%
1971Who Is Harry Kellerman and Why Is He Saying Those Terrible Things About Me?
6.1%
2005The Lost City
6%
1968Madigan's Millions
5.7%
1967The Tiger Makes Out
5.6%

You're not logged in!

Compare scores with friends on all Sporcle quizzes.
OR
Log In

From the Vault

Premier League: Top 5 Finishes Minefield

by pitchorneirda

High fives all around to anyone that can get these all.
Remove Ads.
Support Sporcle.
Get the best of Sporcle when you Go Orange. This ad-free experience offers more features, more stats, and more fun while also helping to support Sporcle. Thank you for becoming a member.

Show Comments

Extras

Top Quizzes Today


Score Distribution

Your Account Isn't Verified!

In order to create a playlist on Sporcle, you need to verify the email address you used during registration. Go to your Sporcle Settings to finish the process.

Report this User

Report this user for behavior that violates our Community Guidelines.

Details: